[Event "FICGS rapid B 000149 email"]
[Site "FICGS email"]
[Date "2010.04.22"]
[Round "1"]
[White "Therneau, David"]
[Black "Simpson, Maggie"]
[Result "1-0"]
[WhiteElo "1800"]
[BlackElo "1800"]
[PlyCount "33"]
[EventDate "2010.??.??"]
[EventType "tourn (rapid)"]
[EventRounds "6"]
[SourceTitle "Corr 2013"]
[Source "ChessBase"]
[SourceDate "2012.11.12"]
[SourceVersion "1"]
[SourceVersionDate "2012.11.12"]
[SourceQuality "1"]

1. d4 Nf6 2. Nc3 d5 3. Bg5 Nbd7 4. Nf3 c6 5. g3 g6 6. Bg2 Bg7 7. 0-0 0-0 8. Re1 Ne4 9. Bd2 f5 10. Nxe4 fxe4 11. Ng5 Nb6 12. Ba5 e5 13. Bxb6 axb6 14. h4 exd4 15. f3 Qd6 16. f4 h6 17. Nh3 1-0

[Event "FICGS class C 000144 email"]
[Site "FICGS email"]
[Date "2010.04.21"]
[Round "1"]
[White "Therneau, David"]
[Black "Payzansky, Aleksey"]
[Result "0-1"]
[WhiteElo "1800"]
[BlackElo "1798"]
[PlyCount "56"]
[EventDate "2010.??.??"]
[EventType "tourn (corr)"]
[EventRounds "5"]
[SourceTitle "Corr 2013"]
[Source "ChessBase"]
[SourceDate "2012.11.12"]
[SourceVersion "1"]
[SourceVersionDate "2012.11.12"]
[SourceQuality "1"]

1. Nc3 c5 2. Nf3 Nc6 3. g3 g6 4. Bg2 Bg7 5. Ne4 d6 6. d3 Nf6 7. Nxf6+ Bxf6 8. c4 0-0 9. 0-0 Re8 10. Nd2 Qc7 11. Ne4 Bg7 12. Qa4 Bd7 13. Qc2 Nd4 14. Qd2 Rab8 15. Nc3 a6 16. e3 Nc6 17. a3 b5 18. Rb1 e6 19. Bxc6 Bxc6 20. b4 cxb4 21. axb4 Ba8 22. Ra1 bxc4 23. Rxa6 Qb7 24. Rxa8 Rxa8 25. Ne4 Qd5 26. Rd1 cxd3 27. Qxd3 Qxd3 28. Rxd3 Ra1 0-1

[Event "FICGS class C 000143 email"]
[Site "FICGS email"]
[Date "2010.04.15"]
[Round "1"]
[White "Vaast, Jean Philippe"]
[Black "Therneau, David"]
[Result "1-0"]
[WhiteElo "1788"]
[BlackElo "1800"]
[PlyCount "21"]
[EventDate "2010.??.??"]
[EventType "tourn (corr)"]
[EventRounds "6"]
[SourceTitle "Corr 2013"]
[Source "ChessBase"]
[SourceDate "2012.11.12"]
[SourceVersion "1"]
[SourceVersionDate "2012.11.12"]
[SourceQuality "1"]

1. c4 e5 2. g3 Nf6 3. Bg2 c6 4. d4 e4 5. Nc3 Bb4 6. Bg5 d5 7. cxd5 cxd5 8. f3 Qc7 9. Qa4+ Nc6 10. Bxf6 gxf6 11. Rc1 1-0

[Event "FICGS class B 000104 email"]
[Site "FICGS email"]
[Date "2010.03.26"]
[Round "1"]
[White "Dikant, Christophe"]
[Black "Therneau, David"]
[Result "1-0"]
[WhiteElo "1803"]
[BlackElo "1800"]
[PlyCount "21"]
[EventDate "2010.??.??"]
[EventType "tourn (corr)"]
[EventRounds "6"]
[SourceTitle "Corr 2013"]
[Source "ChessBase"]
[SourceDate "2012.11.12"]
[SourceVersion "1"]
[SourceVersionDate "2012.11.12"]
[SourceQuality "1"]

1. d4 d5 2. Nf3 Bg4 3. Ne5 Bf5 4. c4 dxc4 5. e4 Bxe4 6. Nc3 Bg6 7. Bxc4 e6 8. Qb3 Qxd4 9. Nxg6 hxg6 10. Qxb7 Bc5 11. Be3 1-0

[Event "FICGS rapid B 000147 email"]
[Site "FICGS email"]
[Date "2010.03.26"]
[Round "1"]
[White "Therneau, David"]
[Black "Yague, Omar"]
[Result "0-1"]
[WhiteElo "1800"]
[BlackElo "1725"]
[PlyCount "26"]
[EventDate "2010.??.??"]
[EventType "tourn (rapid)"]
[EventRounds "6"]
[SourceTitle "Corr 2013"]
[Source "ChessBase"]
[SourceDate "2012.11.12"]
[SourceVersion "1"]
[SourceVersionDate "2012.11.12"]
[SourceQuality "1"]

1. Nf3 Nf6 2. c4 Nc6 3. Nc3 e5 4. d4 exd4 5. Nxd4 Bb4 6. Nxc6 bxc6 7. Qb3 a5 8. a3 Bd6 9. e4 0-0 10. Be2 Re8 11. Bf3 Ba6 12. 0-0 Qe7 13. Re1 Qe6 0-1